| 000 | 00442nam a2200109Ia 4500 | ||
|---|---|---|---|
| 008 | 171212s9999 xx 000 0 und d | ||
| 100 | _aSaltzman, Evan;Eibner, Christine | ||
| 245 |
_cSaltzman, Evan;Eibner, Christine _aThe Effect of Eliminating the Affordable Care Act’s Tax Credits in Federally Facilitated Marketplaces |
||
| 260 |
_bRAND Corporation _c2015 |
||
| 650 | _aBusiness | ||
| 856 | _uhttp://www.jstor.org/stable/10.7249/j.ctt14bs3hf | ||
| 999 |
_c352648 _d352648 |
||